Central Library OPAC University of Rajshahi

From raj to swaraj / (Record no. 36274)

MARC details
000 -LEADER
fixed length control field 00743nam a22002651a 4500
001 - CONTROL NUMBER
control field 36274
003 - CONTROL NUMBER IDENTIFIER
rucl marc code BD-RjUL
005 - DATE AND TIME OF LATEST TRANSACTION
control field 20211209052449.0
008 - FIXED-LENGTH DATA ELEMENTS--GENERAL INFORMATION
fixed length control field 140618s1954 ii 001 0 eng
035 ## - SYSTEM CONTROL NUMBER
System control number (BD-RjUL)36371
System control number (OCoLC)11188813
040 ## - CATALOGING SOURCE
Original cataloging agency DLC
Transcribing agency CCC
Modifying agency CCC
-- DLC
-- BD-RjUL
Language of cataloging eng
041 ## - LANGUAGE CODE
Language code of text/sound track or separate title eng
082 04 - DEWEY DECIMAL CLASSIFICATION NUMBER
Classification number 342.54029
Author mark and year SEF 1954
100 1# - MAIN ENTRY--PERSONAL NAME
Personal name Sen, Dhirendranath.
9 (RLIN) 110394
245 10 - TITLE STATEMENT
Title From raj to swaraj /
Statement of responsibility, etc. Dhirendranath Sen.
260 ## - PUBLICATION, DISTRIBUTION, ETC. (IMPRINT)
Place of publication, distribution, etc. Calcutta :
Name of publisher, distributor, etc. Vidyodaya Library,
Date of publication, distribution, etc. 1954.
300 ## - PHYSICAL DESCRIPTION
Pagination xx, 544 p. ;
Size 23 cm.
504 ## - BIBLIOGRAPHY, ETC. NOTE
Bibliography, etc Includes index.
650 #0 - SUBJECT ADDED ENTRY--TOPICAL TERM
Topical term or geographic name as entry element Constitutional history
Geographic subdivision India.
9 (RLIN) 110395
Topical term or geographic name as entry element Political science.
9 (RLIN) 110396
942 ## - ADDED ENTRY ELEMENTS (KOHA)
Source of classification or shelving scheme Dewey Decimal Classification
Koha item type Books
Holdings
Lost status Source of classification or shelving scheme Damaged status Not for loan Collection code Permanent Location Current Location Shelving location Date acquired Source of acquisition Cost, normal purchase price Total Checkouts Full call number Date last seen Copy number Koha item type
  Dewey Decimal Classification   Not For Loan Non-fiction Central Library, University of Rajshahi Central Library, University of Rajshahi Reading Room 02/12/1974 Standard Publication, Dacca. 21.00   342.54029 SEF 1954 18/06/2014 C-1 Books